| 000 | 00580nam a2200217Ia 4500 | ||
|---|---|---|---|
| 003 | OSt | ||
| 005 | 20230427154515.0 | ||
| 008 | 210423s2009 xx 000 0 und d | ||
| 020 | _a9788120337510 | ||
| 040 | _cAL | ||
| 041 | _aeng | ||
| 082 |
_a535.2 FRIA _223 |
||
| 100 |
_aFRIBERG ( Ari T). _994320 |
||
| 245 | _aAdvanced in information optics and photonics. | ||
| 260 |
_aNew Delhi _bPHI Learning Pvt Ltd _c2009 |
||
| 300 |
_axvii,724 _bPB |
||
| 365 |
_b525 _cINR |
||
| 650 |
_aLight _994321 |
||
| 906 | _aAdvanced ; information ; optics ; photonics. | ||
| 942 |
_2ddc _cBK |
||
| 999 |
_c161842 _d161842 |
||